Представление документа в формате RUSMARC

ПолеНазваниеЗначение
  Тип записи a
  Библиографический уровень m
001 Контрольный номер LIBNET\0001545352
005 Дата корректировки 20260630170850.0
010 Индекс ISBN __
a ISBN 978-5-227-11129-6
b Уточнения в пер.
100 Данные общей обработки __
a Данные общей обработки 20260525d2025 u y0rusy0189 ca
101 Язык документа 0_
a Язык текста rus
102 Страна публикации __
a Страна публикации ru
105 Кодированные данные (монография) __
a Кодированные данные (монография) y z 001yy
200 Заглавие и сведения об ответственности 1_
a Заглавие Титулованные роды Российской империи
e Сведения, относящиеся к заглавию история происхождения 800 дворянских фамилий
f Первые сведения об ответственности Сергей Васильевич
203 Вид содержания и тип средства __
a Вид содержания Текст
b Характеристика содержания визуальный
c Тип средства непосредственный
210 Выходные данные 1_
a Место издания Москва
c Издательство Центрполиграф
d Дата издания 2025
215 Физическое описание __
a Объем 254, [1] с.
d Формат 21 см
320 Библиография __
a Библиография Библиогр. в конце кн.
333 Примечание о целевом назначении __
a Примечание о целевом назначении 16+
517 Другие варианты заглавия 1_
a Другие варианты заглавия История происхождения 800 дворянских фамилий
606 Тематические рубрики 0_
a Основная рубрика Титулованные роды
y Географическая подрубрика Россия
606 Тематические рубрики 0_
a Основная рубрика Дворянские роды
y Географическая подрубрика Россия
610 Ключевые слова 0_
a Ключевые слова дворянские роды; российское дворянство; княжеские роды; графские роды; баронские роды; баронские роды
686 Индексы других классификаций __
a Классификационный индекс 63.214(2)-2
2 Код системы rubbk
700 Автор _1
a Фамилия Любимов
b Имя (инициалы) С. В.
g Полное личное имя Сергей Васильевич
801 Источник записи _0
a Страна RU
b Организация Пермская ГОУБ
c Дата составления 20260427
g Правила каталогизации rcr
801 Источник записи _1
a Страна RU
b Организация Пермская ГОУБ
c Дата составления 20260427
2 Код формата rusmarc
801 Источник записи _2
a Страна RU
b Организация Ульяновская ОНБ
c Дата составления 20260525
g Правила каталогизации RCR
2 Код формата rusmarc
900 Электронные ресурсы __
a Имя электронного ресурса цп20260053
900 Электронные ресурсы __
a Имя электронного ресурса цп20260054
901 Тип документа __
t Тип документа m
909 Создатель записи __
a Создатель записи Егорова Э. А.
b Дата создания записи 20260525
910 Корректоры записи __
a Корректор записи Пряхина
b Дата внесения изменения в запись 20260630